Statistics for Groups of Numbers

Click here to take the quiz!

General Stats

  • This quiz has been taken 348 times
  • The average score is 4 of 10

Answer Stats

SetGroup% Correct
1, 3, 5, 7, 9, 11, 13Odd
84%
2, 3, 5, 7, 11, 13, 17, 19, 23, 29, 31Prime
83%
1, 4, 9, 16, 25, 36, 49, 64Square
62%
π, √2, √-3, √5Irrational
49%
0, 1, 1, 2, 3, 5, 8, 13, 21, 34, 55Fibonacci
44%
-5, -4, -3, -2, -1, 0, 1, 2, 3, 4, 5, 6Integer
43%
1, 2, 3, 4, 5, 6, 7, 8, 9, 10, 11, 12, 13Natural
27%
(3, 4, 5), (5, 12, 13), (7, 24, 25), (9, 40, 41)Pythagorean triple
19%
0, 1, 3, 6, 10, 15, 21, 28Triangular
12%
4, 6, 8, 9, 10, 12, 14, 15, 16, 18Composite
7%

Score Distribution

Percentile by Number Answered

Percent of People with Each Score

Your Score History

You have not taken this quiz